000 00506nam a2200121 a 4500
008 090130s2008 ||||||||||||||||| || u
050 _aHC 915 Zam
245 0 0 _aZambia at 44: annual business magazine
_cedited by Walubita, S. Kelly
260 _aNew Delhi
_bZambia High Commission, New Delhi (India)
_c2008
300 _a90p. :ill.
350 _a0.00
995 _D0.00
_FCBU-MAIN LIBRARY (Kitwe)
_H1
_I0.00
_M1
_UAVAILABLE
_WJan 30, 2009
_ZZambiana Collection
999 _c62345
_d62345